| 000 -CABECERA |
| campo de control de longitud fija |
01256nam a2200277 u 4500 |
| 001 - NÚMERO DE CONTROL |
| campo de control |
000055403 |
| 005 - FECHA Y HORA DE LA ÚLTIMA TRANSACCIÓN |
| campo de control |
20200120223104.0 |
| 008 - DATOS DE LONGITUD FIJA--INFORMACIÓN GENERAL |
| campo de control de longitud fija |
130605s1985 ck er 000 0 spa d |
| 020 ## - NÚMERO INTERNACIONAL ESTÁNDAR DEL LIBRO |
| Número Internacional Estándar del Libro |
9586141002 |
| 041 0# - CÓDIGO DE LENGUA |
| Código de lengua del texto/banda sonora o título independiente |
.spa |
| 043 ## - CÓDIGO DE ÁREA GEOGRÁFICA |
| Código de área geográfica |
s-ck--- |
| 090 ## - LOCALMENTE ASIGNADO TIPO-LC NÚMERO DE CLASIFICACIÓN (OCLC); NÚMERO DE CLASIFICACIÓN LOCAL (RLIN) |
| Número de clasificación (OCLC) (R) ; Numero de clasificación, CALL (RLIN) (NR) |
AN |
| Número cutter local (OCLC) ; Número de libro/Signatura topográfica íntegra, CALL (RLIN) |
THOr |
| 100 1# - ENTRADA PRINCIPAL--NOMBRE DE PERSONA |
| Nombre de persona |
Thomas, Dylan. |
| 245 10 - MENCIÓN DE TÍTULO |
| Título |
Retrato del artista cachorro / |
| Mención de responsabilidad, etc. |
Dylan Thomas ; traducción de Juan Angel Cotta. |
| 250 ## - MENCIÓN DE EDICIÓN |
| Mención de edición |
1a ed. |
| 260 ## - PUBLICACIÓN, DISTRIBUCIÓN, ETC. |
| Lugar de publicación, distribución, etc. |
Bogotá : |
| Nombre del editor, distribuidor, etc. |
Seix Barral, |
| Fecha de publicación, distribución, etc. |
1985. |
| 300 ## - DESCRIPCIÓN FÍSICA |
| Extensión |
165 p. |
| 490 #0 - MENCIÓN DE SERIE |
| Mención de serie |
Obras maestras de la literatura contemporánea Seix Barral |
| Designación de volumen o secuencia |
16 |
| 506 0# - NOTA DE RESTRICCIONES AL ACCESO |
| Limitaciones de acceso |
General |
| 520 3# - SUMARIO, ETC. |
| Sumario, etc. |
Retrato del Artista cachorro es la única colección de relatos que Dylan Thomas reunió como tal a lo largo de su vida. Basados en sus experiencia biográficas-aunque mas que intentar arrojar luz sobre su vida,la transfigura y la convierte en material literario; son posiblemente la cima de la narrativa de Thomas,el "Rimbaud de Cwmdonkin Drive",el hacedor de palabras y de emociones que supo extraer de sus raíces galesas la savia de la universalidad. |
| 650 14 - PUNTO DE ACCESO ADICIONAL DE MATERIA--TÉRMINO DE MATERIA |
| Término de materia o nombre geográfico como elemento de entrada |
Novela inglesa |
| Subdivisión cronológica |
Siglo XX. |
| 650 24 - PUNTO DE ACCESO ADICIONAL DE MATERIA--TÉRMINO DE MATERIA |
| Término de materia o nombre geográfico como elemento de entrada |
Literatura inglesa. |
| 650 24 - PUNTO DE ACCESO ADICIONAL DE MATERIA--TÉRMINO DE MATERIA |
| Término de materia o nombre geográfico como elemento de entrada |
Periodistas en la literatura. |
| 650 24 - PUNTO DE ACCESO ADICIONAL DE MATERIA--TÉRMINO DE MATERIA |
| Término de materia o nombre geográfico como elemento de entrada |
Emociones en la literatura. |
| 700 1# - PUNTO DE ACCESO ADICIONAL--NOMBRE DE PERSONA |
| Nombre de persona |
Cotta, Juan Manuel |
| Término indicativo de función/relación |
tr. |